<?xml version="1.0" encoding="UTF-8"?><record xmlns="http://www.loc.gov/MARC21/slim" xmlns:zs="http://docs.oasis-open.org/ns/search-ws/sruResponse">
  <leader>02663cam a22004457a 4500</leader>
  <controlfield tag="001">14175322</controlfield>
  <controlfield tag="005">20250606222459.5</controlfield>
  <controlfield tag="007">cr |||||||||||</controlfield>
  <controlfield tag="008">051121s2005    mau     sb    000 0 eng  </controlfield>
  <datafield ind1=" " ind2=" " tag="035">
    <subfield code="a">14175322</subfield>
  </datafield>
  <datafield ind1=" " ind2=" " tag="906">
    <subfield code="a">7</subfield>
    <subfield code="b">cbc</subfield>
    <subfield code="c">orignew</subfield>
    <subfield code="d">4</subfield>
    <subfield code="e">ncip</subfield>
    <subfield code="f">20</subfield>
    <subfield code="g">y-gencompf</subfield>
  </datafield>
  <datafield ind1="0" ind2=" " tag="925">
    <subfield code="a">undetermined</subfield>
    <subfield code="x">NBER</subfield>
  </datafield>
  <datafield ind1=" " ind2=" " tag="955">
    <subfield code="a">se20 2005-11-21 webcat</subfield>
    <subfield code="i">se20 2005-11-21</subfield>
    <subfield code="e">se20 2005-11-21</subfield>
  </datafield>
  <datafield ind1=" " ind2=" " tag="955">
    <subfield code="a">LCAP batch update 2025-06-01-04:00: LCAPM-989</subfield>
  </datafield>
  <datafield ind1=" " ind2=" " tag="010">
    <subfield code="a">  2005620773</subfield>
  </datafield>
  <datafield ind1=" " ind2=" " tag="040">
    <subfield code="a">DLC</subfield>
    <subfield code="c">DLC</subfield>
  </datafield>
  <datafield ind1="0" ind2="0" tag="050">
    <subfield code="a">HB1</subfield>
  </datafield>
  <datafield ind1="0" ind2="0" tag="245">
    <subfield code="a">Local public good provision</subfield>
    <subfield code="h">[electronic resource] :</subfield>
    <subfield code="b">voting, peer effects, and mobility /</subfield>
    <subfield code="c">Stephen Calabrese ... [et al.].</subfield>
  </datafield>
  <datafield ind1=" " ind2=" " tag="260">
    <subfield code="a">Cambridge, MA :</subfield>
    <subfield code="b">National Bureau of Economic Research,</subfield>
    <subfield code="c">c2005.</subfield>
  </datafield>
  <datafield ind1=" " ind2=" " tag="336">
    <subfield code="a">text</subfield>
    <subfield code="b">txt</subfield>
    <subfield code="2">rdacontent</subfield>
  </datafield>
  <datafield ind1=" " ind2=" " tag="337">
    <subfield code="a">computer</subfield>
    <subfield code="b">c</subfield>
    <subfield code="2">rdamedia</subfield>
  </datafield>
  <datafield ind1=" " ind2=" " tag="338">
    <subfield code="a">computer disc</subfield>
    <subfield code="b">cd</subfield>
    <subfield code="2">rdacarrier</subfield>
  </datafield>
  <datafield ind1="1" ind2=" " tag="490">
    <subfield code="a">NBER working paper series ;</subfield>
    <subfield code="v">working paper 11720</subfield>
  </datafield>
  <datafield ind1=" " ind2=" " tag="500">
    <subfield code="a">Title from PDF file as viewed on 11/21/2005.</subfield>
  </datafield>
  <datafield ind1=" " ind2=" " tag="504">
    <subfield code="a">Includes bibliographical references.</subfield>
  </datafield>
  <datafield ind1=" " ind2=" " tag="506">
    <subfield code="f">Unrestricted online access</subfield>
  </datafield>
  <datafield ind1="3" ind2=" " tag="520">
    <subfield code="a">"Few empirical strategies have been developed that investigate public provision under majority rule while taking explicit account of the constraints implied by mobility of households.  The goal of this paper is to improve our understanding of voting in local communities when neighborhood quality depends on peer or neighborhood effects.  We develop a new empirical approach which allows us to impose all restrictions that arise from locational equilibrium models with myopic voting simultaneously on the data generating process.  We can then analyze how close myopic models come in replicating the main regularities about expenditures, taxes, sorting by income and housing observed in the data.  We find that a myopic voting model that incorporates peer effects fits all dimensions of the data reasonably well"--National Bureau of Economic Research web site.</subfield>
  </datafield>
  <datafield ind1=" " ind2=" " tag="530">
    <subfield code="a">Also available in print.</subfield>
  </datafield>
  <datafield ind1=" " ind2=" " tag="538">
    <subfield code="a">Mode of access: World Wide Web.</subfield>
  </datafield>
  <datafield ind1=" " ind2=" " tag="538">
    <subfield code="a">System requirements: Adobe Acrobat Reader.</subfield>
  </datafield>
  <datafield ind1=" " ind2="0" tag="650">
    <subfield code="a">Community development</subfield>
    <subfield code="x">Mathematical models.</subfield>
  </datafield>
  <datafield ind1=" " ind2="0" tag="650">
    <subfield code="a">Migration, Internal</subfield>
    <subfield code="x">Mathematical models.</subfield>
  </datafield>
  <datafield ind1=" " ind2="0" tag="650">
    <subfield code="a">Public goods</subfield>
    <subfield code="x">Mathematical models.</subfield>
  </datafield>
  <datafield ind1=" " ind2="0" tag="650">
    <subfield code="a">Voting</subfield>
    <subfield code="x">Mathematical models.</subfield>
  </datafield>
  <datafield ind1="1" ind2=" " tag="700">
    <subfield code="a">Calabrese, Stephen.</subfield>
  </datafield>
  <datafield ind1="2" ind2=" " tag="710">
    <subfield code="a">National Bureau of Economic Research.</subfield>
  </datafield>
  <datafield ind1=" " ind2="0" tag="830">
    <subfield code="a">Working paper series (National Bureau of Economic Research : Online) ;</subfield>
    <subfield code="v">working paper no. 11720.</subfield>
  </datafield>
  <datafield ind1="4" ind2="0" tag="856">
    <subfield code="d">gdcebookspublic</subfield>
    <subfield code="f">2005620773</subfield>
    <subfield code="u">https://hdl.loc.gov/loc.gdc/gdcebookspublic.2005620773</subfield>
  </datafield>
  <datafield ind1="4" ind2="0" tag="856">
    <subfield code="u">http://papers.nber.org/papers/w11720</subfield>
  </datafield>
  <datafield ind1=" " ind2=" " tag="985">
    <subfield code="a">gdc/scd</subfield>
  </datafield>
</record>
